Supernatural Special Children Quiz Stats

 Plays Quiz not verified by Sporcle

Score 0/9 Timer 05:00
0 Plays Today
% Correct
Sam Winchester
99.5%
Ava Wilson
95.9%
Jake Talley
92%
Andy Gallagher
89.4%
Max Miller
78.9%
Lily
72.4%
Ansem Weems
54.9%
Scott Carey
32.2%
Rose
26.5%

You're not logged in!

Compare scores with friends on all Sporcle quizzes.
OR
Log In

Show Comments

Extras

Created Oct 17, 2010ReportNominate
Tags:children, special, supernatural

Top Quizzes Today


Score Distribution

Your Account Isn't Verified!

In order to create a playlist on Sporcle, you need to verify the email address you used during registration. Go to your Sporcle Settings to finish the process.

Report this User

Report this user for behavior that violates our Community Guidelines.

Details: